| 000 | 00692nam a2200205Ia 4500 | ||
|---|---|---|---|
| 003 | OSt | ||
| 005 | 20250131150059.0 | ||
| 008 | 210210b1974 xxu||||| |||| 00| 0 eng d | ||
| 040 | _cAL | ||
| 041 | _aKannada | ||
| 082 | _aK894.9 SADS | ||
| 100 |
_aSADANANDA NAYAKA _9150937 _dಸದಾನಂದ ನಾಯಕ |
||
| 245 |
_aSahitya Samshodhane Mattu Samalochane _bಸಾಹಿತ್ಯ ಸಂಶೋಧನೆ ಮತ್ತು ಸಮಾಲೋಚನೆ |
||
| 260 |
_aDharavada _bSamaja Pustakalaya _c1974 |
||
| 300 | _axiv,303,3 | ||
| 650 |
_aPamparamayana Abhinava Pamapa Kabbigara Kavya Sahitya Prabheda _9150938 |
||
| 690 |
_aKannada Criticism _9150939 |
||
| 906 | _a032716 | ||
| 942 |
_2ddc _cBK |
||
| 999 |
_c83571 _d83571 |
||